<The> impact of structural social capital on farm income in the Czech Republic

Schopnosť poľnohospodárov spolupracovať s ďalšími farmami je diskutovaná v koncepte sociálneho kapitálu. Na základe zistení z prieskumu, ktorý bol uskutočnený na vzorke 62 fariem pomocou faktorovej analýzy a mnohonásobnej regresie, je možné vyvodiť, že sociálny kapitál je skutočne dôležitým faktorom...

ver descrição completa

Na minha lista:
Detalhes bibliográficos
Autor principal: Wolz, A.
Outros Autores: Fritzsch, J., Pencáková, Jitka
Formato: Capítulo de Livro
Idioma:inglês
Assuntos:
Tags: Adicionar Tag
Sem tags, seja o primeiro a adicionar uma tag!

MARC

LEADER 00000naa$a2200000$$$4500
001 0045639
005 20231114071533.0
041 0 |a eng 
044 |a CZ 
245 1 0 |a <The> impact of structural social capital on farm income in the Czech Republic  |c A. Wolz, J. Fritzsch, Jitka Pencáková 
520 |a Schopnosť poľnohospodárov spolupracovať s ďalšími farmami je diskutovaná v koncepte sociálneho kapitálu. Na základe zistení z prieskumu, ktorý bol uskutočnený na vzorke 62 fariem pomocou faktorovej analýzy a mnohonásobnej regresie, je možné vyvodiť, že sociálny kapitál je skutočne dôležitým faktorom určujúcim výšku zisku farmy. 
610 2 0 |a podnik poľnohospodársky 
610 2 0 |a farmy 
610 2 0 |a zisk 
610 2 0 |a kapitál sociálny 
610 2 0 |a Česko 
100 1 |a Wolz, A. 
700 1 |a Fritzsch, J. 
700 1 |a Pencáková, Jitka